| 000 | 00481cam a22001457a 4500 | ||
|---|---|---|---|
| 008 | 180718b2002 xxu||||| |||| 00| 0 eng d | ||
| 020 | _a8173914478 | ||
| 082 | _aT3471x54 K527 | ||
| 100 | _aKhan, Kaleem Mohammed | ||
| 245 |
_aFacets of Indian advertising and consumer bebaviour: an empirical approach _cby Kaleem Mohammed Khan and Mohammed Naved Khan |
||
| 260 |
_aNew Delhi _bKanishka _c2002 |
||
| 300 | _a288p. | ||
| 650 | _aAdvertising - India | ||
| 700 | _aKhan, Mohammed Naved | ||
| 999 |
_c407398 _d407398 |
||